Clès pour l'archeólogie
I tiakina i:
| Kaituhi matua: | |
|---|---|
| Hōputu: | Pukapuka |
| Reo: | Pāniora |
| I whakaputaina: |
París
Seghers
1969
|
| Ngā marau: | |
| Ngā Tūtohu: |
Tāpirihia he Tūtohu
Kāore He Tūtohu, Me noho koe te mea tuatahi ki te tūtohu i tēnei pūkete!
|
MARC
| LEADER | 00000nam a2200000 a 4500 | ||
|---|---|---|---|
| 001 | UCP7874 | ||
| 003 | CL-VaPUC | ||
| 008 | 000106e19690000FR |||||||||||||||||spa|d | ||
| 082 | 0 | 4 | |a 930.1 |b PAR |2 21 |
| 100 | |a Parrot, André |e auteur |9 437544 | ||
| 245 | 1 | 0 | |a Clès pour l'archeólogie |
| 300 | |a 186 p | ||
| 942 | |c BK | ||
| 945 | |d 20000106 00:00:00 |a rherrera | ||
| 260 | |a París |b Seghers |c 1969 | ||
| 650 | 0 | |a Arqueología |9 265619 | |
| 650 | 7 | |a MISION |2 CL-VaPUC |9 398116 | |
| 650 | 0 | |a Historia |9 255047 | |
| 650 | 0 | |a Prehistoria |9 316557 | |
| 650 | 7 | |a LUGARES DE INTERES ARQUEOLOGICO |2 CL-VaPUC |9 437545 | |
| 650 | 7 | |a DESCUBRIMIENTOS ARQUEOLOGICOS |2 CL-VaPUC |9 437546 | |
| 583 | |a last modification |c 20000106 00:00:00 |k Rodrigo Vera | ||
| 999 | |c 284912 |d 284910 | ||
| 952 | |0 0 |1 0 |4 0 |6 930_100000000000000_PAR_1969 |7 0 |8 A |9 329220 |a BIBHIS |b BIBHIS |d 2019-11-20 |i 1377817 |o 930.1 PAR 1969 |p 1377817 |r 2023-01-25 |w 2019-11-20 |y BK |k HIS | ||